000 01362 a2200277 4500
005 20140919124624.0
008 140919s2014 ck gr|||| 00| 0 eng d
020 _a9789585840614
040 _aCO-BoUCM
_bspa
_cJose A. Gerena
_dJose A. Gerena
041 0 _aspa
100 1 _aBrasset, David William
_964643
245 1 4 _aLas estrategias de arranque automatico una opción para los desocupados en Bucaramanga
_cDavid William Brasset, Jorge Enrique Sáenz Castro
260 _c2014
_bCorporación Universitaria de Ciencia y Desarrollo
_aBucaramanga (Santander, Colombia))
300 _a20 páginas
490 _aDocumentos de investigación
504 _aIncluye referencias bibliográficas
650 7 _913021
_aDesempleo
_xAspectos económicos
_zBucaramanga (Santander, Colombia)
650 7 _921113
_aParticipación ciudadana
_xAspectos económicos
_zBucaramanga (Santander, Colombia)
651 4 _aBucaramanga (Santander, Colombia)
_xCondiciones económicas
_964644
651 4 _aBucaramanga (Santander, Colombia)
_xCondiciones sociales
_964645
690 _942796
_aEconomía del trabajo
700 1 _aSáenz Castro, Jorge Enrique
_963288
710 1 _aCorporación Universitaria de Ciencia y Desarrollo. UNICIENCIA
_bFacultad de Administración de empresas
_963297
942 _2LOCAL
_a7
_cLIBRO
_e1
_h331.1377
_mB823
999 _c296915
_d296915